La arquitectura de la Ilustración : barroco y posbarroco en Inglaterra, Italia y Francia /

En este ensayo, el autor analiza la teoría y la práctica arquitectónica de la Ilustración en Inglaterra, Italia y Francia. Al estudiar a escala europea la aparición durante el siglo XVIII de un sistema y un estilo totalmente nuevos, Kaufmann pone en claro el nacimiento de la arquitectura moderna.

Salvato in:
Dettagli Bibliografici
Autore principale: Kaufmann, Emil (autor)
Natura: Libro
Lingua:spagnolo
Pubblicazione: Barcelona, España : Gustavo Gili, 1974, c1974
Serie:(Biblioteca de Arquitectura GG)
Soggetti:
Tags: Aggiungi Tag
Nessun Tag, puoi essere il primo ad aggiungerne!!

MARC

LEADER 00000nam^a2200000^a^4500
001 000125353
005 20250521000000.0
009 20260310094646.98
020 |a 84-252-0816-5 
037 |a Acervo ITESO - Biblioteca 
041 |a ESP 
082 |a 724. 19  |b KAU 
100 |a Kaufmann, Emil  |e (autor) 
245 1 3 |a La arquitectura de la Ilustración :  |b barroco y posbarroco en Inglaterra, Italia y Francia /  |c E. Kaufmann ; pról. de Rafael Moreno. 
264 4 |a Barcelona, España :  |b Gustavo Gili,  |c 1974, c1974 
300 |a XXXI, 416 p. 
336 |a texto  |b txt  |2 rdacontenido 
337 |a sin mediación  |b n  |2 rdamedio 
338 |a volumen  |b nc  |2 rdasoporte 
440 1 |a (Biblioteca de Arquitectura GG) 
520 |a En este ensayo, el autor analiza la teoría y la práctica arquitectónica de la Ilustración en Inglaterra, Italia y Francia. Al estudiar a escala europea la aparición durante el siglo XVIII de un sistema y un estilo totalmente nuevos, Kaufmann pone en claro el nacimiento de la arquitectura moderna. 
649 |a XX 
650 |a Arquitectura Barroca 
650 |a Arquitectura Renacentista 
650 |a Arquitectura Inglesa 
650 |a Arquitectura Francesa 
650 |a Arquitectura Italiana 
650 |a Arte Barroco -  |x Historia y Crítica 
650 |a Arte Renacentista -  |x Historia y Crítica 
650 |a Arte Inglés -  |x Historia y Crítica 
650 |a Arte Francés -  |x Historia y Crítica 
650 |a Arte Italiano -  |x Historia y Crítica 
910 |a Fondo Salvador Reynoso Reynoso 
920 |a Impresos - Libros 
930 |a Fondos Especiales 
905 |a 112 
901 |a 0800007991  |b IT2  |c ESP  |u 20250521 
902 |a https://opac.biblio.iteso.mx/vufind/Record/000125353